| 000 | 00310 a2200121 4500 | ||
|---|---|---|---|
| 999 |
_c322951 _d322951 |
||
| 001 | 87878 | ||
| 003 | NUST | ||
| 082 | _a389.5491 WEI | ||
| 100 |
_aWeiss,Anita,Saba _99724 |
||
| 245 | _aDevelopment Challange Confronting Pakistan | ||
| 260 |
_aLondon _bKumarian Press _c2013 |
||
| 300 | _a280p+viii | ||
| 942 |
_aCAE NUST _cBK _k389.5491 WEI _2ddc |
||